| 000 | 00799akm a2200277 4500 | ||
|---|---|---|---|
| 008 | 221028s2022 cat | ||
| 041 | _acat | ||
| 080 | _a598.8(038) | ||
| 110 |
_aTERMCAT _960609 |
||
| 245 |
_aOcells passeriformes (2) _h[cartell] _cTERMCAT, Centre de Terminologia |
||
| 260 |
_aBarcelona _bTERMCAT, Centre de Terminologia _c2022 |
||
| 300 |
_a1 cartell. _bil. |
||
| 500 | _btermcat | ||
| 520 | _a69 | ||
| 591 | _a10917 | ||
| 592 | _aObra terminològica | ||
| 593 | _aDGB | ||
| 594 | _a10917 | ||
| 650 |
_aocells _961565 |
||
| 856 | _uhttps://www.termcat.cat/ca/recursos/productes-multimedia/ocells-passeriformes-2 | ||
| 901 | _ccop. <2022> | ||
| 902 | _a221028 | ||
| 942 |
_cMO _2ddc _n0 |
||
| 999 |
_c68311 _d68311 |
||